Saltar al contenido
Inicio
Centros participantes
Catálogo
Servicios
Contacto
כניסה לחשבון
English
Deutsch
Español
Français
Italiano
日本語
Nederlands
Português
Português (Brasil)
中文(简体)
中文(繁體)
Türkçe
עברית
Gaeilge
Cymraeg
Ελληνικά
Català
Euskara
Русский
Čeština
Suomi
Svenska
polski
Dansk
slovenščina
اللغة العربية
বাংলা
Galego
Tiếng Việt
Hrvatski
हिंदी
Հայերէն
Українська
Sámegiella
שפה
כל השדות
כותר
מחבר
נושא
סימן המיקום
ISBN/ISSN
תג
מצא
מתקדם
El Salvador 1981-1984: como el...
יצירת מראה מקום
שלח את זה
הדפסה
יצוא רשומה
יצוא אל RefWorks
יצוא אל EndNoteWeb
יצוא אל EndNote
הוספה למועדפים
Enlace Permanente
Agregar primera valuación
El Salvador 1981-1984: como el diálogo y la negociación no se oponen a la lucha armada revolucionaria y a la lucha política de las masas
שמור ב:
מידע ביבליוגרפי
מחבר ראשי:
Lungo Uclés, Mario
פורמט:
Texto
יצא לאור:
s.l.:
s.e.
תגים:
הוספת תג
אין תגיות, היה/י הראשונ/ה לתייג את הרשומה!
מלאי ספרים
תיאור
הערות
פריטים דומים
תצוגת צוות
MARC
LEADER
00000 a a2200000 04500
001
21671
003
040
090
|a
096600
100
|a
Lungo Uclés, Mario
245
|a
El Salvador 1981-1984: como el diálogo y la negociación no se oponen a la lucha armada revolucionaria y a la lucha política de las masas
260
|a
s.l.:
|b
s.e.
300
|a
20 p.
999
|c
13479
|d
13479
פריטים דומים
El Futuro de los pueblos centroamericanos a la luz del desarrollo de las fuerzas productivas: condiciones, determinantes y tendencias
מאת: Saxe Fernández, Eduardo E.
Geopolítica e intereses estratégicos en Centroamérica y el Caribe
מאת: Insulza, José Miguel
La percepción del problema de la contaminación ambiental por la población costarricense
מאת: Gómez Barrantes, Miguel
The Miskitu conflict on the Atlantic coast of Nicaragua
מאת: Bourgois Irwin, Phillippe
Hacia una acción común en ciencia y tecnología en América Central
מאת: Araoz, Alberto